[Event "Skopje MKD"]
[Site "Skopje MKD"]
[Date "2014.04.03"]
[Round "7.20"]
[White "Radovanovic, Dusan"]
[Black "Djukic, Nikola"]
[Result "0-1"]
[WhiteElo "2379"]
[BlackElo "2551"]
[PlyCount "80"]
[EventDate "2014.03.29"]
[EventType "swiss"]
[EventRounds "9"]

1. d4 Nf6 2. Nf3 g6 3. c4 Bg7 4. Nc3 O-O 5. e4 d6 6. Be2 e5 7. O-O Nc6 8. d5
Ne7 9. b4 a5 10. Ba3 b6 11. bxa5 Nh5 12. Re1 f5 13. axb6 Rxa3 14. Nb5 Ra8 15.
bxc7 Qd7 16. c5 dxc5 17. d6 Nc6 18. Qd5+ Kh8 19. Qxc5 fxe4 20. Nd2 Nf4 21. Nxe4
Nd4 22. Nxd4 exd4 23. Bb5 Qg4 24. Ng3 Bb7 25. Bf1 d3 26. Rab1 Bc8 27. h3 Qh4
28. Rb4 Rxa2 29. Ree4 d2 30. Rb1 Qf6 31. Rd1 h5 32. Re7 Ra1 33. Rxd2 h4 34. d7
hxg3 35. dxc8=Q Rxc8 36. Rd8+ Kh7 37. Rxc8 Rxf1+ 38. Kxf1 Qa6+ 39. Ke1 Nd3+ 40.
Kd2 Nxc5 0-1

[Event "Skopje MKD"]
[Site "Skopje MKD"]
[Date "2014.04.03"]
[Round "7.21"]
[White "Kojovic, Dragan"]
[Black "Baron, Tal"]
[Result "1/2-1/2"]
[WhiteElo "2387"]
[BlackElo "2513"]
[PlyCount "110"]
[EventDate "2014.03.29"]
[EventType "swiss"]
[EventRounds "9"]

1. e4 e6 2. d4 d5 3. Nc3 Nf6 4. Bg5 dxe4 5. Nxe4 Be7 6. Bxf6 gxf6 7. Nf3 f5 8.
Nc3 a6 9. Qe2 b5 10. O-O-O Qd6 11. Kb1 Bb7 12. d5 exd5 13. Nd4 Qf6 14. Re1 Kd8
15. Nxf5 Bb4 16. Qf3 Nd7 17. Re3 Nb6 18. Qg4 Bxc3 19. bxc3 Bc8 20. Bd3 Na4 21.
Qg7 Nxc3+ 22. Ka1 Qxg7 23. Nxg7 d4 24. Rf3 Bb7 25. Rxf7 Bd5 26. Rf4 c5 27. Re1
Kd7 28. Rf6 Raf8 29. Bf5+ Kd8 30. Rd6+ Kc7 31. Rxa6 Kb7 32. Rd6 Rf7 33. Be6
Bxe6 34. Nxe6 Rxf2 35. Nxc5+ Kc7 36. Ra6 Re8 37. Ne6+ Rxe6 38. Raxe6 Rxc2 39.
Ra6 Kb7 40. Ree6 Na4 41. Kb1 d3 42. Rxa4 bxa4 43. Re3 Rc3 44. Rf3 a3 45. Rf1
Rc2 46. Rd1 Rb2+ 47. Kc1 Rxa2 48. Rxd3 Rxg2 49. Rxa3 Rxh2 50. Kd1 Kc6 51. Ke1
Kd5 52. Kf1 Ke4 53. Ra4+ Kf3 54. Ra3+ Kf4 55. Ra4+ Kf3 1/2-1/2

[Event "Skopje MKD"]
[Site "Skopje MKD"]
[Date "2014.04.03"]
[Round "7.22"]
[White "Antipov, Mikhail Al"]
[Black "Posedaru, Bogdan Stefan"]
[Result "1-0"]
[WhiteElo "2507"]
[BlackElo "2381"]
[PlyCount "45"]
[EventDate "2014.03.29"]
[EventType "swiss"]
[EventRounds "9"]

1. e4 c5 2. Nf3 Nc6 3. Bb5 g6 4. O-O Bg7 5. Bxc6 dxc6 6. d3 Bg4 7. Nbd2 e5 8.
h3 Bxf3 9. Qxf3 Ne7 10. a4 a5 11. Nc4 O-O 12. Be3 b6 13. Qg3 h5 14. Nxe5 h4 15.
Qh2 Nc8 16. Nxc6 Qf6 17. Qc7 Qxb2 18. e5 Qxc2 19. Qb7 Na7 20. Nxa7 Rfb8 21. Qc7
Qxd3 22. Nc6 Re8 23. Qxb6 1-0

[Event "Skopje MKD"]
[Site "Skopje MKD"]
[Date "2014.04.03"]
[Round "7.23"]
[White "Semcesen, Daniel"]
[Black "Ali Marandi, Cemil Can"]
[Result "1/2-1/2"]
[WhiteElo "2502"]
[BlackElo "2380"]
[PlyCount "184"]
[EventDate "2014.03.29"]
[EventType "swiss"]
[EventRounds "9"]

1. d4 d5 2. c4 c6 3. Nf3 Nf6 4. Qb3 e6 5. Bg5 Be7 6. Nc3 O-O 7. e3 Nbd7 8. Be2
dxc4 9. Bxc4 b5 10. Be2 a6 11. a4 b4 12. Nb1 c5 13. a5 cxd4 14. exd4 Bb7 15.
O-O Nd5 16. Bxe7 Qxe7 17. Re1 Nf4 18. Bf1 Rfd8 19. Nbd2 Nf6 20. g3 N4d5 21.
Rac1 Rdc8 22. Qa4 Qd8 23. Bg2 Rxc1 24. Rxc1 Rc8 25. Rc4 Nd7 26. h3 h6 27. Kh2
Rc7 28. Rxc7 Qxc7 29. Ne5 Nxe5 30. Qe8+ Kh7 31. dxe5 Bc6 32. Qf8 Qe7 33. Qb8
Qc5 34. Ne4 Qxa5 35. Qf8 Qc7 36. Nd6 Qd7 37. Qc8 Bb5 38. Be4+ g6 39. h4 h5 40.
Qb8 Qc7 41. Qf8 Qe7 42. Qxe7 Nxe7 43. Nxb5 axb5 44. Kg2 Kg7 45. Kf3 f6 46.
exf6+ Kxf6 47. Bd3 Ke5 48. Bxb5 Nd5 49. Bd3 Ne7 50. Ke3 Nd5+ 51. Kd2 Ne7 52.
Bc4 Nf5 53. Kd3 Nd6 54. Bb3 Kf6 55. Kd4 e5+ 56. Kd5 Nf5 57. Bc2 Nd4 58. Bd3 Nf3
59. Kc4 g5 60. Be2 Nd2+ 61. Kd3 Nb3 62. Bxh5 Nc5+ 63. Kd2 gxh4 64. gxh4 Ne4+
65. Ke3 Nd6 66. Be2 Nf5+ 67. Kd3 Nxh4 68. Kc4 Ke7 69. Kxb4 Kd6 70. Kc4 Ng6 71.
Kd3 Nf4+ 72. Ke3 Ne6 73. Bc4 Ng5 74. b4 Kc6 75. Bf1 Kd6 76. Bg2 Kc7 77. Kd3 Kb6
78. Kc4 Ne6 79. Bf1 Nf4 80. b5 Nh5 81. Kc3 Kc5 82. Kd2 Nf6 83. Be2 Ne4+ 84. Ke3
Nf6 85. Kf3 Nd5 86. Kg4 Nc3 87. Bf1 e4 88. Kf4 Nd1 89. Kg3 Nc3 90. Kf4 Nd1 91.
Kg3 Nc3 92. Kf4 Nd1 1/2-1/2

[Event "Skopje MKD"]
[Site "Skopje MKD"]
[Date "2014.04.03"]
[Round "7.24"]
[White "Colovic, Aleksandar"]
[Black "Radovanovic, Jovica"]
[Result "1-0"]
[WhiteElo "2493"]
[BlackElo "2372"]
[PlyCount "97"]
[EventDate "2014.03.29"]
[EventType "swiss"]
[EventRounds "9"]

1. d4 Nf6 2. c4 g6 3. Nc3 Bg7 4. e4 d6 5. h3 Nbd7 6. Bg5 e5 7. d5 a5 8. Nf3 Nc5
9. Nd2 O-O 10. Be2 c6 11. O-O Bd7 12. Qc2 a4 13. Be3 Qa5 14. Rab1 cxd5 15. cxd5
b5 16. b4 axb3 17. Nxb3 Nxb3 18. Qxb3 Rfc8 19. Rfc1 Bf8 20. f3 Nh5 21. Qb4 Nf4
22. Bf1 f5 23. Qxa5 Rxa5 24. Bb6 Ra6 25. Bf2 Bh6 26. Rc2 fxe4 27. fxe4 Nxd5 28.
exd5 Bf5 29. Bxb5 Ra3 30. Rcb2 Raxc3 31. Re1 Rb8 32. a4 Ra3 33. Ree2 Ra1+ 34.
Kh2 Bf4+ 35. g3 Bc1 36. Rb3 Bh6 37. Rc3 e4 38. g4 Bg7 39. Rc7 e3 40. Rxe3 Be5+
41. Rxe5 dxe5 42. gxf5 Rf8 43. d6 Rxf5 44. Rc2 Rd1 45. d7 e4 46. Bb6 Rxb5 47.
axb5 Rxd7 48. Rc8+ Kf7 49. Rc7 1-0

[Event "Skopje MKD"]
[Site "Skopje MKD"]
[Date "2014.04.03"]
[Round "7.25"]
[White "Harika, Dronavalli"]
[Black "Cawdery, Daniel"]
[Result "1/2-1/2"]
[WhiteElo "2487"]
[BlackElo "2362"]
[PlyCount "43"]
[EventDate "2014.03.29"]
[EventType "swiss"]
[EventRounds "9"]

1. d4 Nf6 2. c4 g6 3. Nc3 d5 4. Nf3 Bg7 5. Qb3 dxc4 6. Qxc4 O-O 7. e4 a6 8. Qa4
Nfd7 9. Qa3 Nc6 10. d5 Nce5 11. Bg5 Re8 12. Be2 Nxf3+ 13. gxf3 Nf6 14. O-O-O
Qd6 15. Qxd6 cxd6 16. Kb1 b5 17. Rc1 Bd7 18. Bd3 Rec8 19. Ne2 Be8 20. Rxc8 Rxc8
21. Rc1 Rxc1+ 22. Kxc1 1/2-1/2

[Event "Skopje MKD"]
[Site "Skopje MKD"]
[Date "2014.04.03"]
[Round "7.26"]
[White "Emiroglu, Cankut"]
[Black "Kadric, Denis"]
[Result "1/2-1/2"]
[WhiteElo "2328"]
[BlackElo "2485"]
[PlyCount "73"]
[EventDate "2014.03.29"]
[EventType "swiss"]
[EventRounds "9"]

1. e4 d6 2. d4 Nf6 3. Nc3 e5 4. Nf3 Nbd7 5. Bc4 Be7 6. O-O O-O 7. h3 c6 8. a4
a5 9. Be3 Nb6 10. Ba2 Nfd7 11. Qd2 exd4 12. Bxd4 Nc5 13. Bxc5 dxc5 14. Qe2 Qd6
15. Rad1 Qh6 16. Ne5 Be6 17. Bxe6 Qxe6 18. Ng4 f5 19. exf5 Qxe2 20. Nxe2 Rxf5
21. Nc3 c4 22. Rd4 Rff8 23. Ne5 Bc5 24. Rg4 Rae8 25. Nxc4 h5 26. Re4 Nxc4 27.
Rxc4 Bxf2+ 28. Kh1 Bg3 29. Rxf8+ Rxf8 30. Kg1 b5 31. Re4 Rd8 32. axb5 cxb5 33.
Re3 h4 34. Kf1 b4 35. Ne4 a4 36. Nxg3 hxg3 37. Re4 1/2-1/2

[Event "Skopje MKD"]
[Site "Skopje MKD"]
[Date "2014.04.03"]
[Round "7.27"]
[White "Donchenko, Alexander"]
[Black "Tesik, Csaba"]
[Result "1-0"]
[WhiteElo "2463"]
[BlackElo "2344"]
[PlyCount "71"]
[EventDate "2014.03.29"]
[EventType "swiss"]
[EventRounds "9"]

1. c4 Nf6 2. Nc3 c5 3. g3 d5 4. cxd5 Nxd5 5. Bg2 Nc7 6. Nf3 Nc6 7. O-O e5 8. a3
f6 9. e3 Bg4 10. h3 Bh5 11. Qa4 Qd7 12. b4 cxb4 13. axb4 a6 14. d4 b5 15. Qb3
Bf7 16. Qb2 Bc4 17. Rd1 Bxb4 18. Bd2 Be7 19. dxe5 Qe6 20. Nd4 Nxd4 21. exd4 O-O
22. Bxa8 Rxa8 23. Kh2 fxe5 24. dxe5 Qxe5 25. Bf4 Qc5 26. Ne4 Qc6 27. Qe5 Ne6
28. Rac1 Nxf4 29. Qxe7 Ne6 30. f3 Re8 31. Qa7 Ra8 32. Qe7 Qb6 33. Rc3 Rf8 34.
Rd6 Qa5 35. Rxc4 Qa2+ 36. Nd2 1-0

[Event "Skopje MKD"]
[Site "Skopje MKD"]
[Date "2014.04.03"]
[Round "7.28"]
[White "Basso, Pier Luigi"]
[Black "Pavlidis, Antonios"]
[Result "0-1"]
[WhiteElo "2304"]
[BlackElo "2463"]
[PlyCount "98"]
[EventDate "2014.03.29"]
[EventType "swiss"]
[EventRounds "9"]

1. d4 Nf6 2. Bg5 d5 3. e3 c5 4. dxc5 Ne4 5. Bf4 Nc6 6. Nf3 g6 7. Nbd2 Nxc5 8.
Bb5 Bg7 9. Be5 Bxe5 10. Nxe5 Qb6 11. Bxc6+ bxc6 12. Nb3 Ne6 13. O-O f6 14. Nf3
O-O 15. Re1 Rd8 16. Qc1 a5 17. a4 Nc5 18. Nxc5 Qxc5 19. e4 e5 20. Qh6 Be6 21.
exd5 cxd5 22. c3 Rab8 23. Qd2 Bg4 24. Re3 Qb6 25. h3 Be6 26. b4 axb4 27. a5 Qd6
28. cxb4 d4 29. Rea3 e4 30. Ne1 Qxb4 31. Qf4 d3 32. Ra4 Qd6 33. Qd2 Bd5 34. a6
Ba8 35. a7 Rb5 36. Rd1 Qb6 37. Qa2+ Kg7 38. Qa3 Qc5 39. Qa2 Qb6 40. Qa3 Qc5 41.
Qa2 Qe5 42. Qc4 Rc5 43. Qa2 Rb5 44. Qc4 Rb2 45. Ra6 e3 46. fxe3 Qxe3+ 47. Kh2
Qe5+ 48. Kg1 Re2 49. Kf1 Qg3 0-1

[Event "Skopje MKD"]
[Site "Skopje MKD"]
[Date "2014.04.03"]
[Round "7.29"]
[White "Davletbayeva, Madina"]
[Black "Arnaudov, Petar G"]
[Result "0-1"]
[WhiteElo "2284"]
[BlackElo "2459"]
[PlyCount "96"]
[EventDate "2014.03.29"]
[EventType "swiss"]
[EventRounds "9"]

1. e4 g6 2. d4 Bg7 3. Nc3 c6 4. Nf3 d6 5. a4 Nf6 6. Bc4 O-O 7. O-O d5 8. Bd3
Bg4 9. e5 Nfd7 10. h3 Bxf3 11. Qxf3 e6 12. Ne2 c5 13. c3 Nc6 14. Qg4 Rc8 15. h4
Qb6 16. h5 cxd4 17. cxd4 Nb4 18. Bb1 Rc4 19. Qh3 Rfc8 20. Ra3 Rxc1 21. Rxc1
Rxc1+ 22. Nxc1 Qxd4 23. hxg6 hxg6 24. Bxg6 Qd1+ 25. Kh2 Qxc1 26. Bxf7+ Kxf7 27.
Rf3+ Ke7 28. Qh4+ Ke8 29. Qh5+ Kd8 30. Qh4+ Kc7 31. Rc3+ Qxc3 32. bxc3 Bxe5+
33. Kg1 Bxc3 34. Qh3 d4 35. Qxe6 Nc5 36. Qc4 Kd6 37. a5 Nd5 38. a6 bxa6 39. g4
d3 40. Kf1 a5 41. g5 a4 42. g6 a3 43. Qa2 Bb2 44. g7 Bxg7 45. Qxa3 a6 46. Qa5
Bf6 47. Qd2 Kc6 48. Qa2 Nc3 0-1

[Event "Skopje MKD"]
[Site "Skopje MKD"]
[Date "2014.04.03"]
[Round "7.30"]
[White "Sanal, Vahap"]
[Black "Dimitrov, Pavel"]
[Result "1-0"]
[WhiteElo "2442"]
[BlackElo "2333"]
[PlyCount "185"]
[EventDate "2014.03.29"]
[EventType "swiss"]
[EventRounds "9"]

1. e4 c5 2. Nf3 d6 3. d4 cxd4 4. Nxd4 Nf6 5. Nc3 a6 6. Bg5 e5 7. Nf5 Bxf5 8.
exf5 Nbd7 9. Be2 Be7 10. Bf3 Rb8 11. a4 O-O 12. O-O b5 13. axb5 axb5 14. Be3 b4
15. Nd5 Nxd5 16. Bxd5 Nf6 17. Bb3 d5 18. Qf3 e4 19. Qe2 Qc7 20. Ra7 Qe5 21. g3
Rbe8 22. Rfa1 Qxb2 23. Qd2 Qe5 24. Bd4 Qxf5 25. Ba4 h5 26. Bxe8 Rxe8 27. Ra8
Kh7 28. Rxe8 Nxe8 29. Ra7 Qe6 30. Qe2 g6 31. Qa6 Qxa6 32. Rxa6 Nc7 33. Ra5 g5
34. Bb6 Ne6 35. Rxd5 Bf6 36. Rb5 Bc3 37. Bc5 Nxc5 38. Rxc5 Kg6 39. Kf1 g4 40.
Ke2 f5 41. Ke3 Kg5 42. Rb5 Kf6 43. Rc5 Kg5 44. Ke2 Bd4 45. Rb5 Bc3 46. Kf1 Kg6
47. Kg2 Be1 48. Rd5 Kg5 49. Rd1 Bc3 50. h4+ gxh3+ 51. Kxh3 Bf6 52. Rd6 Bc3 53.
Rd5 Be1 54. Kg2 Bc3 55. Rb5 Kg4 56. Kf1 Kg5 57. Ke2 Kg6 58. Rb8 Kg5 59. Rb6 h4
60. gxh4+ Kxh4 61. Rg6 Kh5 62. Rg8 Bd4 63. f3 exf3+ 64. Kxf3 Be5 65. Re8 Bc3
66. Kf4 Kg6 67. Re6+ Kg7 68. Kxf5 Kf7 69. Re4 Bd2 70. Kg4 Kf6 71. Kf3 Kf5 72.
Re8 Bc3 73. Ke3 Kf6 74. Kd3 Kf7 75. Re4 Kf6 76. Kc4 Kf5 77. Re8 Kf6 78. Rb8 Ke6
79. Rxb4 Be5 80. Rb5 Bd6 81. Rb7 Be5 82. Kc5 Bc3 83. Rb3 Bd2 84. Rd3 Bf4 85.
Kc6 Ke5 86. c4 Ke4 87. Rd7 Bh2 88. c5 Ke5 89. Kb7 Ke6 90. c6 Be5 91. Rd8 Bg3
92. c7 Bxc7 93. Kxc7 1-0

[Event "Skopje MKD"]
[Site "Skopje MKD"]
[Date "2014.04.03"]
[Round "7.31"]
[White "Ozturk, Kubra"]
[Black "Tosic, Miroslav"]
[Result "0-1"]
[WhiteElo "2288"]
[BlackElo "2426"]
[PlyCount "80"]
[EventDate "2014.03.29"]
[EventType "swiss"]
[EventRounds "9"]

1. d4 e6 2. c4 c5 3. Nf3 cxd4 4. Nxd4 a6 5. a3 b6 6. Nc3 Bb7 7. e4 Qc7 8. Be2
Nf6 9. f3 Be7 10. Be3 O-O 11. Qd2 d6 12. O-O Nbd7 13. a4 Rab8 14. Rfc1 Rfc8 15.
Bf1 Qd8 16. Qf2 Ne5 17. b3 Ba8 18. g4 h6 19. h3 g5 20. Rd1 Ng6 21. Nde2 Qc7 22.
Rac1 Rd8 23. Na2 Nd7 24. Nb4 Qb7 25. Nd4 Rbc8 26. Nxa6 Nde5 27. Nb4 d5 28. cxd5
Bxb4 29. Nc6 exd5 30. Nxd8 Rxd8 31. Bg2 Rd6 32. exd5 Qb8 33. f4 gxf4 34. Bxf4
Bc5 35. Be3 Bxe3 36. Qxe3 Qd8 37. Rd2 Bb7 38. Be4 Kg7 39. Qc3 Rf6 40. Bxg6 Nxg6
0-1

[Event "Skopje MKD"]
[Site "Skopje MKD"]
[Date "2014.04.03"]
[Round "7.32"]
[White "Sorgic, Dragan"]
[Black "Jacimovic, Dragoljub"]
[Result "0-1"]
[WhiteElo "2244"]
[BlackElo "2422"]
[PlyCount "104"]
[EventDate "2014.03.29"]
[EventType "swiss"]
[EventRounds "9"]

1. e4 e6 2. d4 d5 3. Nc3 Bb4 4. e5 c5 5. a3 Bxc3+ 6. bxc3 Ne7 7. Nf3 Qa5 8. Bd2
Nbc6 9. Bd3 Bd7 10. c4 Qc7 11. cxd5 Nxd5 12. c4 Nde7 13. O-O cxd4 14. Re1 Ng6
15. Qe2 f6 16. Bxg6+ hxg6 17. Qe4 O-O-O 18. Qxg6 Be8 19. Qg3 Bh5 20. exf6 Bxf3
21. Qxc7+ Kxc7 22. fxg7 Rh7 23. gxf3 Rxg7+ 24. Kf1 e5 25. Re4 d3 26. Rg4 Rf7
27. Be3 Rxf3 28. Kg2 Rf7 29. Rd1 Ne7 30. Bg5 Rd7 31. h4 Nf5 32. Re4 Kc6 33.
Rxe5 Rd4 34. f4 Nd6 35. Rd5 Rxc4 36. R1xd3 Nf5 37. Rd8 Nxh4+ 38. Bxh4 Rcxf4 39.
Bg3 R4f5 40. Rc3+ Kb5 41. Rd4 b6 42. a4+ Ka6 43. Rg4 Re7 44. Rc2 Rd7 45. Bf2
Re7 46. Rgc4 Kb7 47. Bg3 Ka6 48. Bf4 Re1 49. Ra2 Re7 50. Kf2 Rh7 51. Ke3 Rh3+
52. Ke4 Rxf4+ 0-1

[Event "Skopje MKD"]
[Site "Skopje MKD"]
[Date "2014.04.03"]
[Round "7.33"]
[White "Makoli, Perparim"]
[Black "Dastan, Batuhan Muhammed"]
[Result "0-1"]
[WhiteElo "2242"]
[BlackElo "2416"]
[PlyCount "82"]
[EventDate "2014.03.29"]
[EventType "swiss"]
[EventRounds "9"]

1. e4 e5 2. Nf3 Nc6 3. Bb5 a6 4. Ba4 Nf6 5. O-O Be7 6. Re1 b5 7. Bb3 d6 8. c3
O-O 9. h3 Nb8 10. d4 Nbd7 11. Nbd2 Bb7 12. Bc2 Re8 13. Nf1 Bf8 14. Ng3 g6 15.
a4 c5 16. dxe5 dxe5 17. b3 Qc7 18. Qe2 Bc6 19. axb5 axb5 20. Be3 Qb7 21. Bd3
Ra6 22. Nd2 h5 23. Ngf1 Rea8 24. Rab1 Ra2 25. f3 Be7 26. Qf2 Nh7 27. Bh6 Ndf8
28. c4 b4 29. Ne3 Ne6 30. Nd5 Nd4 31. Be3 Bg5 32. f4 exf4 33. Bxf4 R8a3 34.
Bxg5 Nxg5 35. Qe3 Rxd2 36. Qxg5 Rxd3 37. Nf6+ Kf8 38. Rf1 Ne6 39. Qe5 Qc7 40.
Qxe6 fxe6 41. Nd5+ Qf7 0-1

[Event "Skopje MKD"]
[Site "Skopje MKD"]
[Date "2014.04.03"]
[Round "7.34"]
[White "Kanmazalp, Ogulcan"]
[Black "Ilic, Ljubomir"]
[Result "1-0"]
[WhiteElo "2416"]
[BlackElo "2195"]
[PlyCount "41"]
[EventDate "2014.03.29"]
[EventType "swiss"]
[EventRounds "9"]

1. e4 c5 2. Nf3 d6 3. d4 cxd4 4. Nxd4 Nf6 5. Nc3 a6 6. Bg5 e6 7. f4 Be7 8. Qf3
h6 9. Bh4 g5 10. fxg5 Nfd7 11. Bg3 hxg5 12. O-O-O Qb6 13. Nf5 Ne5 14. Bxe5 dxe5
15. Nxe7 Kxe7 16. Bc4 Rh6 17. Rdf1 f6 18. h4 g4 19. Qxg4 Rh7 20. Qg8 Rf7 21.
Qxc8 1-0

[Event "Skopje MKD"]
[Site "Skopje MKD"]
[Date "2014.04.03"]
[Round "7.35"]
[White "Demircioglu, Emre"]
[Black "Delchev, Aleksander"]
[Result "0-1"]
[WhiteElo "2152"]
[BlackElo "2638"]
[PlyCount "110"]
[EventDate "2014.03.29"]
[EventType "swiss"]
[EventRounds "9"]

1. d4 Nf6 2. c4 e6 3. Nf3 Bb4+ 4. Bd2 a5 5. g3 d6 6. Bg2 Nbd7 7. O-O e5 8. Bg5
exd4 9. Qxd4 O-O 10. Nc3 h6 11. Bxf6 Nxf6 12. Ne4 Nxe4 13. Qxe4 Re8 14. Qc2 Qf6
15. e3 Bf5 16. Qb3 Bc5 17. Rac1 a4 18. Qc3 Qxc3 19. Rxc3 Ra6 20. Nd4 Bxd4 21.
exd4 Re2 22. Bxb7 Rb6 23. Bf3 Rexb2 24. g4 Bb1 25. c5 R6b4 26. cxd6 cxd6 27.
Re1 Rxd4 28. h4 g5 29. hxg5 hxg5 30. a3 Kg7 31. Rd1 Rf4 32. Kg2 Be4 33. Bxe4
Rxe4 34. Kg3 Ree2 35. Rf3 Red2 36. Rc1 Rb3 37. Rc4 Rdd3 38. Rxd3 Rxd3+ 39. f3
Rxa3 40. Rd4 f6 41. Rxd6 Rb3 42. Ra6 Rb4 43. Kf2 Kf7 44. Ke3 Rf4 45. Rd6 Ke7
46. Rd5 Ke6 47. Rd8 Ke5 48. Rd7 Rb4 49. Ra7 Kd5 50. Kd3 Rf4 51. Ke3 Kc6 52. Ra8
Kb5 53. Ra7 Kb4 54. Rd7 a3 55. Ra7 Kb3 0-1

[Event "Skopje MKD"]
[Site "Skopje MKD"]
[Date "2014.04.03"]
[Round "7.37"]
[White "Savic, Miodrag R"]
[Black "Atakisi, Umut"]
[Result "1/2-1/2"]
[WhiteElo "2536"]
[BlackElo "2340"]
[PlyCount "135"]
[EventDate "2014.03.29"]
[EventType "swiss"]
[EventRounds "9"]

1. e4 c5 2. Nf3 d6 3. c3 Nf6 4. h3 Nc6 5. Bd3 d5 6. exd5 Qxd5 7. Qe2 Bf5 8. Bc4
Qd6 9. O-O e6 10. d4 Be7 11. dxc5 Qxc5 12. Be3 Qa5 13. Nbd2 O-O 14. Nh4 Bg6 15.
Nxg6 hxg6 16. Rad1 Rfd8 17. Nf3 a6 18. Rxd8+ Rxd8 19. Rd1 Ne5 20. Rxd8+ Bxd8
21. Nxe5 Qxe5 22. Bd4 Qd6 23. Qe5 Bc7 24. Qxd6 Bxd6 25. Be2 e5 26. Be3 Nd5 27.
Ba7 e4 28. g3 Kf8 29. Kg2 Ke7 30. f3 f5 31. fxe4 fxe4 32. Bd4 Nf6 33. a4 Kd7
34. Bc4 Kc6 35. b4 b5 36. axb5+ axb5 37. Bf7 g5 38. g4 Be7 39. Kf2 Bd6 40. Ke2
Be7 41. Kd2 Bd6 42. Kc2 Bc7 43. c4 bxc4 44. Bxc4 Bf4 45. b5+ Kc7 46. Kb3 Kd6
47. Bf7 Nd7 48. Kc2 Ne5 49. Bb3 Nf3 50. Ba7 Be5 51. Ba4 Bd4 52. b6 Kd5 53. Kd1
Kc4 54. Bc2 Kd5 55. Bb3+ Kc6 56. Ba4+ Kd5 57. Bb5 Ng1 58. Bf1 Nf3 59. Bg2 Nh4
60. Bf1 Nf3 61. Kc2 Ne5 62. Bb5 Nc6 63. Kd1 Nxa7 64. bxa7 Bxa7 65. Ke2 Ke5 66.
Bc6 Bc5 67. Bb7 e3 68. Bc8 1/2-1/2

[Event "Skopje MKD"]
[Site "Skopje MKD"]
[Date "2014.04.03"]
[Round "7.38"]
[White "Yildiz, Betul Cemre"]
[Black "Can, Emre"]
[Result "0-1"]
[WhiteElo "2337"]
[BlackElo "2524"]
[PlyCount "86"]
[EventDate "2014.03.29"]
[EventType "swiss"]
[EventRounds "9"]

1. d4 Nf6 2. Nf3 e6 3. e3 b6 4. Bd3 Bb7 5. c4 Bb4+ 6. Nbd2 O-O 7. O-O Bxd2 8.
Bxd2 d6 9. Qe2 Ne4 10. Bxe4 Bxe4 11. Bc3 Nd7 12. Nd2 Bb7 13. e4 e5 14. d5 Qe7
15. Rfe1 a5 16. Nf1 f5 17. exf5 Rxf5 18. Ng3 Rf7 19. Bd2 Raf8 20. Be3 Bc8 21.
Qc2 Qh4 22. Qe4 Qd8 23. Qc2 Nf6 24. f3 h6 25. b3 Kh8 26. Qg6 Ng8 27. Bd2 Ne7
28. Qd3 g5 29. a3 Rg8 30. b4 a4 31. b5 Ng6 32. Qc2 Nf4 33. Rf1 h5 34. Rae1 h4
35. Ne4 Bf5 36. Qxa4 Nd3 37. Re3 Bxe4 38. fxe4 Rxf1+ 39. Kxf1 Rf8+ 40. Rf3 g4
41. Rxf8+ Qxf8+ 42. Ke2 Nc5 43. Qc2 h3 0-1

[Event "Skopje MKD"]
[Site "Skopje MKD"]
[Date "2014.04.03"]
[Round "7.39"]
[White "Aharon, Ofir"]
[Black "Franco Alonso, Alejandro"]
[Result "1-0"]
[WhiteElo "2316"]
[BlackElo "2489"]
[PlyCount "63"]
[EventDate "2014.03.29"]
[EventType "swiss"]
[EventRounds "9"]

1. e4 c6 2. d4 d5 3. Nc3 dxe4 4. Nxe4 Bf5 5. Ng3 Bg6 6. h4 h6 7. Nf3 Nd7 8. Bd3
Bxd3 9. Qxd3 e6 10. Bd2 Ngf6 11. O-O-O Be7 12. Qe2 c5 13. d5 Nxd5 14. Nh5 Bf6
15. g4 Qb6 16. Nxf6+ N5xf6 17. g5 Nd5 18. Ne5 Nxe5 19. Qxe5 O-O-O 20. Qxg7 Qc7
21. gxh6 Rhg8 22. h5 Rxg7 23. hxg7 Rg8 24. h6 Nf6 25. h7 Nxh7 26. Rxh7 f6 27.
Bh6 Qf7 28. Rh8 Kc7 29. Rxg8 Qxg8 30. b3 Qh7 31. Rg1 Qg8 32. Rg6 1-0

[Event "Skopje MKD"]
[Site "Skopje MKD"]
[Date "2014.04.03"]
[Round "7.40"]
[White "Firat, Burak"]
[Black "Doncevic, Dario"]
[Result "1-0"]
[WhiteElo "2480"]
[BlackElo "2304"]
[PlyCount "115"]
[EventDate "2014.03.29"]
[EventType "swiss"]
[EventRounds "9"]

1. e4 c5 2. Nf3 Nc6 3. Bb5 g6 4. Bxc6 bxc6 5. O-O Bg7 6. Re1 e5 7. c3 Ne7 8. d4
cxd4 9. cxd4 exd4 10. Nxd4 O-O 11. Nc3 Re8 12. Bf4 Bb7 13. Nb3 d5 14. Nc5 Qb6
15. N3a4 Qb5 16. Re3 Bc8 17. Qe1 Be6 18. Rb3 Qc4 19. Rb4 dxe4 20. Rxc4 Bxc4 21.
Rc1 Bxa2 22. Nc3 Bd5 23. Na6 Rac8 24. Nc7 Red8 25. b4 f5 26. N3xd5 Nxd5 27. Bg5
Nxc7 28. Bxd8 Rxd8 29. Rxc6 Nb5 30. h4 Nd4 31. Rc7 Be5 32. Rxa7 Rc8 33. Ra5 Bf4
34. Rc5 Rd8 35. Kh1 Nb3 36. Rc3 Nd4 37. Qa1 Be5 38. Qa2+ Kg7 39. Rc5 Kf6 40.
Rxe5 Kxe5 41. Qa5+ Rd5 42. Qc7+ Rd6 43. Qxh7 f4 44. Qg7+ Kd5 45. Qf7+ Ke5 46.
Qe8+ Re6 47. Qb8+ Rd6 48. Qh8+ Kd5 49. Qa8+ Ke5 50. Qa5+ Rd5 51. Qc7+ Rd6 52.
Kg1 Nf5 53. b5 e3 54. fxe3 fxe3 55. b6 Ke4 56. Qc2+ Kf4 57. b7 Nd4 58. Qc7 1-0

[Event "Skopje MKD"]
[Site "Skopje MKD"]
[Date "2014.04.03"]
[Round "7.41"]
[White "Marjanovic, Dejan"]
[Black "Pancevski, Filip"]
[Result "0-1"]
[WhiteElo "2313"]
[BlackElo "2466"]
[PlyCount "78"]
[EventDate "2014.03.29"]
[EventType "swiss"]
[EventRounds "9"]

1. Nf3 g6 2. e4 Bg7 3. d4 d6 4. Bd3 Nc6 5. c3 Nf6 6. O-O O-O 7. Re1 e5 8. Na3
b6 9. h3 Bb7 10. Nc2 Re8 11. d5 Nb8 12. c4 a5 13. b3 Na6 14. a3 Nc5 15. Rb1 b5
16. b4 axb4 17. axb4 Na4 18. Rb3 Nxe4 19. Bxe4 bxc4 20. Ra3 f5 21. Nd2 fxe4 22.
Nxc4 Ba6 23. Na5 Qd7 24. Rxe4 Nb6 25. Ne3 Qf7 26. Qb3 Bc8 27. b5 Rf8 28. f3 Bh6
29. Nc6 Rxa3 30. Qxa3 Bf5 31. Ng4 Bg7 32. Re1 Bd7 33. Rd1 e4 34. fxe4 h5 35.
Nh2 Qf2+ 36. Kh1 Qe2 37. Qd3 Qxd3 38. Rxd3 Re8 39. Nf3 Rxe4 0-1

[Event "Skopje MKD"]
[Site "Skopje MKD"]
[Date "2014.04.03"]
[Round "7.42"]
[White "Berescu, Alin Mile"]
[Black "Minko, Vladimir"]
[Result "1/2-1/2"]
[WhiteElo "2459"]
[BlackElo "2295"]
[PlyCount "33"]
[EventDate "2014.03.29"]
[EventType "swiss"]
[EventRounds "9"]

1. Nf3 c5 2. c4 Nc6 3. g3 g6 4. Nc3 Bg7 5. Bg2 b6 6. d4 cxd4 7. Nb5 a6 8. Nbxd4
Bb7 9. Be3 Nxd4 10. Bxd4 Bxd4 11. Qxd4 Nf6 12. O-O O-O 13. Rfd1 Qc7 14. Rac1
Qc5 15. Rc3 d6 16. Rb3 Rab8 17. Ne1 1/2-1/2

[Event "Skopje MKD"]
[Site "Skopje MKD"]
[Date "2014.04.03"]
[Round "7.43"]
[White "Toth, Aleksandar"]
[Black "Dimitrov, Radoslav"]
[Result "0-1"]
[WhiteElo "2306"]
[BlackElo "2459"]
[PlyCount "130"]
[EventDate "2014.03.29"]
[EventType "swiss"]
[EventRounds "9"]

1. e4 Nf6 2. d3 d5 3. Nd2 c5 4. Ngf3 Nc6 5. g3 Bg4 6. h3 Bh5 7. Bg2 e6 8. O-O
Be7 9. g4 Bg6 10. Qe2 O-O 11. c3 c4 12. dxc4 Nxe4 13. cxd5 exd5 14. Nxe4 Bxe4
15. Rd1 Qc7 16. Nd4 Bxg2 17. Kxg2 Rad8 18. Be3 g6 19. Qf3 Qd7 20. Bh6 Rfe8 21.
Rd2 Bh4 22. g5 f5 23. Nxc6 Qxc6 24. Rd4 Re4 25. Rad1 Rde8 26. Rxd5 Re2 27. R5d2
Rxd2 28. Rxd2 Re4 29. Rd4 Rxd4 30. cxd4 Qxf3+ 31. Kxf3 Kf7 32. Ke3 Ke6 33. f4
Kf7 34. d5 Bg3 35. Kf3 Bh2 36. b3 b5 37. Ke3 Bg1+ 38. Kd3 Bc5 39. a4 bxa4 40.
bxa4 Bd6 41. Ke3 Bc7 42. Kf3 Bb8 43. Ke3 Bd6 44. Kf3 Ba3 45. Ke3 Bc1+ 46. Kf3
Ba3 47. Ke3 Bd6 48. Kf3 a6 49. Ke3 Bb8 50. Kf3 Bc7 51. Ke3 Bd6 52. Kf3 Ba3 53.
Ke3 Bc1+ 54. Kf3 Ke7 55. Bg7 Kd6 56. Be5+ Kxd5 57. Bc7 Kc4 58. Ke2 Kd4 59. Kf3
Kd3 60. a5 Bd2 61. h4 Be1 62. h5 gxh5 63. Bb6 h4 64. Kg2 Ke4 65. Bc7 Bg3 0-1